[Event "Rus Women's Ch"]
[Site "elista"]
[Date "2002.05.12"]
[Round "2"]
[White "Sudakova I"]
[Black "Guseva O"]
[Result "1-0"]
[WhiteTitle "IM"]
[WhiteElo "2369"]
[WhiteCountry "RUS"]
[BlackElo "2226"]
[BlackCountry "RUS"]
[PresId "208"]

1. e4 c5 2. Nf3 Nc6 3. d4 cxd4 4. Nxd4 Nf6 5. Nc3 d6 6. Bc4 e6 7. Be3
Be7 8. Bb3 O-O 9. Qe2 a6 10. O-O-O Qc7 11. g4 b5 12. g5 Nxd4 13. Bxd4
Nd7 14. Qh5 Nc5 15. Rhg1 b4 16. Nd5 exd5 17. Bxd5 Ne6 18. Bxg7 Kxg7
19. Bxa8 Kh8 20. Kb1 Nf4 21. Qf3 Nh3 22. Rg3 Nxg5 23. Qh5 Be6 24. Rxg5
Rxa8 25. Rdg1 Bxa2+ 26. Ka1 f5 27. Qxh7+ 1-0

[Event "Rus Women's Ch"]
[Site "elista"]
[Date "2002.05.12"]
[Round "2"]
[White "Stepovaya T"]
[Black "Kursova M"]
[Result "0-1"]
[WhiteTitle "GM"]
[WhiteElo "2428"]
[WhiteCountry "RUS"]
[BlackElo "2255"]
[BlackCountry "RUS"]
[PresId "206"]

1. e4 c5 2. Nf3 e6 3. c4 Nc6 4. Nc3 Nf6 5. Be2 d6 6. O-O Be7 7. d4
cxd4 8. Nxd4 a6 9. Be3 O-O 10. b3 Bd7 11. f3 Rc8 12. Qd2 Qc7 13. Rac1
Qb8 14. a4 Rfd8 15. Rfd1 b6 16. Bf1 Be8 17. Qf2 Ne5 18. h3 Nfd7 19. f4
Nc6 20. Nxc6 Rxc6 21. b4 a5 22. b5 Rc7 23. Bd4 Bf8 24. Kh1 Nc5 25. Be2
Bd7 26. e5 Rcc8 27. Rc2 Be8 28. Rcd2 dxe5 29. Bxe5 Qa8 30. Bf3 Rxd2
31. Rxd2 Qa7 32. Qe2 Nb3 33. Rd1 Qe7 34. Bd6 Qh4 35. Bxf8 Kxf8 36. Qe4
Nc5 37. Qd4 Qe7 38. Qd6 Qxd6 39. Rxd6 Rb8 40. Kg1 Ke7 41. Rd1 f6 42.
Kf2 Bg6 43. Rd2 Rd8 44. Ke3 Rd3+ 45. Rxd3 Bxd3 46. Kd4 Bc2 47. g4 Bxa4
48. f5 e5+ 49. Ke3 Kd6 50. Nd5 Nd7 51. Kd2 Bb3 52. Kc3 Ba2 53. Be4 Kc5
54. Ne3 a4 55. Bc2 Bb3 56. Be4 Ba2 57. Bc6 Nb8 58. Be4 Nd7 59. Bc6 Nb8
60. Be4 a3 61. Bd3 Nd7 62. Nc2 e4 63. Be2 Ne5 64. Nxa3 e3 65. h4 g6
66. fxg6 Nxg6 67. Kd3 Nf4+ 68. Kxe3 Nxe2 69. Kxe2 Bxc4+ 70. Kd2 Bxb5
71. Kc3 Be2 72. g5 f5 73. Nc2 b5 74. Kd2 Bh5 75. Ne3 f4 76. Ng2 f3 77.
Nf4 Bg4 78. h5 f2 79. Nd3+ Kd4 80. Nxf2 Bxh5 81. Nd3 Ke4 82. Nc5+ Kf5
83. Nb7 Kxg5 84. Nd6 b4 85. Kd3 b3 0-1

[Event "Rus Women's Ch"]
[Site "Elista"]
[Date "2002.05.13"]
[Round "3"]
[White "Grabuzova T"]
[Black "Pogonina N"]
[Result "1-0"]
[WhiteTitle "GM"]
[WhiteElo "2388"]
[WhiteCountry "RUS"]
[BlackElo "2303"]
[BlackCountry "RUS"]
[Remark "Message"]
[PresId "303"]

1. b3 d5 2. Bb2 Nf6 3. Nf3 Bf5 4. c4 c6 5. g3 e6 6. Bg2 h6 7. O-O Be7
8. d3 O-O 9. Nbd2 Nbd7 10. Qc2 Bh7 11. a3 a5 12. Bc3 b5 13. cxb5 cxb5
14. b4 axb4 15. axb4 Qc7 16. Qb2 Rxa1 17. Rxa1 Rc8 18. Bd4 Bd6 19. Bh3
Qc2 20. Qa3 Bg6 21. Bb2 Nb6 22. Rc1 Qa4 23. Rxc8+ Nxc8 24. Qc3 Ne7 25.
Ba3 Nd7 26. Nd4 Nf8 27. f4 e5 28. fxe5 Bxe5 29. N2f3 Bf6 30. Bb2 Bh5
31. Qd2 Qa7 32. Kf1 Qb6 33. Qc1 Qb7 34. Qc5 Nfg6 35. Bc3 Bxf3 36. Nxf3
Bxc3 37. Qxc3 Qc6 38. Qc5 Qa6 39. Nd4 Qf6+ 40. Ke1 Qe5 41. Nf3 Qb8 42.
Bd7 h5 43. Bxb5 Ne5 44. Qxe7 Nxf3+ 45. exf3 Qxb5 46. Kd2 Qa4 47. Qc5
Qb3 48. Qc3 Qb1 49. h4 g6 50. Ke3 Qg1+ 51. Kf4 Qb6 52. g4 Qd6+ 53. Kg5
Qe7+ 54. Qf6 Qxb4 55. gxh5 Qd2+ 56. f4 Qxd3 57. Kh6 1-0

[Event "Rus Women's Ch"]
[Site "Elista"]
[Date "2002.05.13"]
[Round "3"]
[White "Demina Y"]
[Black "Sudakova I"]
[Result "1/2-1/2"]
[WhiteTitle "GM"]
[WhiteElo "2334"]
[WhiteCountry "RUS"]
[BlackTitle "IM"]
[BlackElo "2369"]
[BlackCountry "RUS"]
[Remark "Message"]
[PresId "304"]

1. d4 Nf6 2. c4 g6 3. Nf3 Bg7 4. g3 O-O 5. Bg2 d6 6. O-O Nbd7 7. Qc2
e5 8. Rd1 Re8 9. Nc3 c6 10. e4 a5 11. h3 a4 12. Be3 Qa5 13. Rab1 exd4
14. Nxd4 Nc5 15. Bf4 Qc7 16. b4 axb3 17. axb3 Nfd7 18. Nce2 Nf6 19.
Nc3 Nfd7 20. Nce2 Nf6 21. Nc3 Nfd7 1/2-1/2

[Event "Rus Women's Ch"]
[Site "Elista"]
[Date "2002.05.13"]
[Round "3"]
[White "Matveyeva S"]
[Black "Kursova M"]
[Result "1/2-1/2"]
[WhiteTitle "GM"]
[WhiteElo "2437"]
[WhiteCountry "RUS"]
[BlackElo "2255"]
[BlackCountry "RUS"]
[Remark "Message"]
[PresId "302"]

1. d4 Nf6 2. c4 e6 3. Nc3 Bb4 4. Qc2 c5 5. dxc5 Qc7 6. Nf3 Bxc5 7. g3
Qb6 8. e3 Be7 9. Bg2 a6 10. O-O Qc7 11. b3 O-O 12. Bb2 d6 13. Rfd1
Nbd7 14. Ng5 h6 15. Nge4 Rd8 16. Rd2 Nc5 17. Nxf6+ Bxf6 18. Rad1 Be7
19. b4 Nd7 20. Ne4 Ne5 21. Bxe5 dxe5 22. Rxd8+ Bxd8 23. Nd6 f5 24. c5
Kf8 25. g4 g6 26. Qa4 Bd7 27. Qb3 Rb8 28. Nxb7 Rxb7 29. Rxd7 Qxd7 30.
c6 Rxb4 31. Qxb4+ Qe7 32. Qc4 a5 33. h3 Qd6 34. gxf5 gxf5 35. a4 Bc7
36. e4 f4 37. Bf3 Bb6 1/2-1/2

[Event "Rus Women's Ch"]
[Site "Elista"]
[Date "2002.05.13"]
[Round "3"]
[White "Polovnikova E"]
[Black "Kozlovskaya V"]
[Result "1-0"]
[WhiteTitle "GM"]
[WhiteElo "2366"]
[WhiteCountry "RUS"]
[BlackTitle "GM"]
[BlackElo "2246"]
[BlackCountry "RUS"]
[Remark "Message"]
[PresId "305"]

1. e4 c5 2. Nc3 d6 3. g3 Nc6 4. Bg2 g6 5. d3 Bg7 6. f4 e6 7. Nf3 Nge7
8. O-O O-O 9. Be3 Nd4 10. Rb1 Rb8 11. Ne2 Nxe2+ 12. Qxe2 b6 13. g4 f5
14. h3 h6 15. Bd2 Bd7 16. Rbe1 Rf7 17. Bc1 Qc7 18. Nh4 Rbf8 19. gxf5
exf5 20. exf5 Bxf5 21. Nxf5 gxf5 22. Bf3 Bf6 23. c4 Kh8 24. Kh2 Nc6
25. Bd5 Re7 26. Qh5 Bg7 27. Bd2 Nd4 28. Rxe7 Qxe7 29. Re1 Qd8 30. Bc3
Kh7 31. Bxd4 Bxd4 32. Re6 Bg7 33. Qg6+ Kh8 34. Kg3 Rg8 35. Qh5 Bf6+
36. Kf3 Qf8 37. Re8 1-0

[Event "Rus Women's Ch"]
[Site "Elista"]
[Date "2002.05.13"]
[Round "3"]
[White "Styazhkina O"]
[Black "Strutinskaya G"]
[Result "1-0"]
[WhiteTitle "GM"]
[WhiteElo "2265"]
[WhiteCountry "RUS"]
[BlackTitle "IM"]
[BlackElo "2336"]
[BlackCountry "RUS"]
[Remark "Message"]
[PresId "310"]

1. e4 c5 2. Nf3 e6 3. d3 Nc6 4. g3 Nf6 5. Bg2 d5 6. Qe2 Be7 7. e5 Nd7
8. c4 Nb6 9. h4 a5 10. O-O a4 11. Bf4 Na5 12. Nbd2 Bd7 13. Rac1 Nc6
14. Rfd1 a3 15. b3 O-O 16. Nf1 f5 17. exf6 gxf6 18. Bh6 Rf7 19. d4
dxc4 20. bxc4 cxd4 21. Nxd4 Qc8 22. Qg4+ Kh8 23. Qh5 Qg8 24. Nb5 Qg6
25. Qxg6 hxg6 26. Be3 Bd8 27. Nd6 Re7 28. Nxb7 Bc7 29. Rxd7 Nxd7 30.
Bxc6 Ne5 31. Bg2 Ra4 32. c5 Ng4 33. c6 Nxe3 34. Nxe3 Kg7 35. Nc4 e5
36. Bd5 f5 37. Rc3 Rb4 38. Rxa3 Rb1+ 39. Kg2 Rd1 40. Ne3 Rd2 41. Bc4
Bb6 42. Rd3 Bxe3 43. Rxe3 e4 44. a4 Kf6 45. a5 Rc2 46. Bb5 Re5 47. Ba4
Rc4 48. Ra3 g5 49. hxg5+ Kxg5 50. Nd6 1-0

[Event "Rus Women's Ch"]
[Site "Elista"]
[Date "2002.05.13"]
[Round "3"]
[White "Shaydullina S"]
[Black "Tomilova E"]
[Result "1-0"]
[WhiteElo "2245"]
[WhiteCountry "RUS"]
[BlackElo "2311"]
[BlackCountry "RUS"]
[Remark "Message"]
[PresId "313"]

1. d4 d5 2. Nf3 Nf6 3. c4 c6 4. Nc3 a6 5. c5 Bf5 6. Bf4 Nbd7 7. e3 e6
8. Be2 Be7 9. h3 O-O 10. O-O Ne4 11. Nxe4 dxe4 12. Ne5 Nxe5 13. Bxe5
Bf6 14. Bh2 Re8 15. Qb3 Qd7 16. Rfd1 Rad8 17. Rac1 h6 18. Rc4 Be7 19.
Rb4 b5 20. cxb6 Bxb4 21. Qxb4 Qb7 22. Qa5 Ra8 23. Rc1 e5 24. Bxe5
Be6 25. Bc7 Re7 26. Qc5 Rxc7 27. bxc7 Qxc7 28. Qxc6 Qa7 29. Qxe4 Rb8
30. b3 a5 31. Bd3 g6 32. Qe5 Kh7 33. d5 1-0

[Event "Rus Women's Ch"]
[Site "Elista"]
[Date "2002.05.13"]
[Round "3"]
[White "Stepovaya T"]
[Black "Kovanova B"]
[Result "1-0"]
[WhiteTitle "GM"]
[WhiteElo "2428"]
[WhiteCountry "RUS"]
[BlackElo "2124"]
[BlackCountry "RUS"]
[Remark "Message"]
[PresId "312"]

1. e4 c5 2. d3 Nc6 3. Nc3 d6 4. g3 g6 5. Bg2 Bg7 6. f4 e6 7. Nf3 Nge7
8. O-O O-O 9. Be3 Nd4 10. Qd2 f5 11. Rae1 Bd7 12. Nh4 Rb8 13. Nd1 b5
14. c3 Ndc6 15. Nf3 Qc7 16. exf5 Nxf5 17. Bf2 h6 18. g4 Nfe7 19. Bg3
Kh7 20. Nf2 Nd5 21. Ne4 Nf6 22. g5 Nh5 23. gxh6 Bxh6 24. Neg5+ Kg7 25.
Rxe6 Rbe8 26. Rxe8 Rxe8 27. d4 Nxg3 28. hxg3 cxd4 29. Nxd4 Qb6 30. Ngf3 
Ne5 31. Rf2 Nc4 32. Qc2 Ne3 33. Qd3 Nf5 34. Nxf5+ Bxf5 35. Qd4+ Qxd4
36. Nxd4 a6 37. Nxf5+ gxf5 38. Bb7 Rb8 39. Bxa6 Kf6 40. Rd2 Ke6 41. c4
b4 42. b3 Bg7 43. Bb5 Bc3 44. Re2+ Kf6 45. Bc6 Bd4+ 46. Kg2 Bc5 47.
Bd5 Rf8 48. g4 fxg4 49. Kg3 Kf5 50. Be6+ Kf6 51. Bxg4 Ra8 52. Kf3 Ra7
53. Re6+ Kf7 54. f5 Rxa2 55. Bh5+ Kf8 56. f6 Kg8 57. Bg6 Ra8 58. f7+
Kg7 59. Re8 Kxg6 60. f8=Q 1-0

[Event "Rus Women's Ch"]
[Site "Elista"]
[Date "2002.05.13"]
[Round "3"]
[White "Guseva O"]
[Black "Kryukova I"]
[Result "1/2-1/2"]
[WhiteElo "2226"]
[WhiteCountry "RUS"]
[BlackTitle "GM"]
[BlackElo "2304"]
[BlackCountry "RUS"]
[Remark "Message"]
[PresId "314"]

1. d4 Nf6 2. Nf3 e6 3. c4 d5 4. Nc3 Be7 5. Bg5 Nbd7 6. e3 O-O 7. Qc2
h6 8. h4 c5 9. O-O-O cxd4 10. exd4 dxc4 11. Bxc4 Nb6 12. Bb3 a5 13.
Rh3 Nfd5 14. Bxe7 Qxe7 15. Ne5 Bd7 16. Qd2 Rfc8 17. Kb1 Nxc3+ 18. bxc3
Ba4 19. Rf3 Bxb3 20. axb3 Rf8 21. h5 a4 22. b4 Nd7 23. Ng4 Kh7 24.
Qd3+ Kh8 25. Qe3 f5 26. Ne5 Nxe5 27. Qxe5 Qf7 28. g4 Rac8 29. d5 Rcd8
30. Rdd3 Rxd5 31. Rxd5 exd5 32. Rxf5 Qg8 33. Rxf8 Qxf8 34. Qxd5 Qxf2
35. Qd8+ Kh7 36. Qd3+ Kh8 37. Qd8+ Kh7 38. Qd3+ Kh8 1/2-1/2

[Event "Rus Women's Ch"]
[Site "Elista"]
[Date "2002.05.13"]
[Round "3"]
[White "Semenova I"]
[Black "Zayac E"]
[Result "0-1"]
[WhiteTitle "IM"]
[WhiteElo "2284"]
[WhiteCountry "RUS"]
[BlackTitle "GM"]
[BlackElo "2346"]
[BlackCountry "RUS"]
[Remark "Message"]
[PresId "311"]

1. e4 e5 2. Nf3 Nc6 3. Bb5 a6 4. Ba4 Nf6 5. Qe2 Bd6 6. c3 O-O 7. O-O
Re8 8. Bb3 h6 9. d3 Bf8 10. Nbd2 d5 11. Re1 d4 12. Nf1 Na5 13. Bc2 c5
14. Bd2 Nc6 15. h3 Be6 16. g4 Nh7 17. Kg2 b5 18. Ng3 Ra7 19. a4 dxc3
20. Bxc3 f6 21. axb5 axb5 22. Rxa7 Nxa7 23. Ra1 Qb8 24. Bd2 Nc6 25.
Nf5 Qb7 26. N3h4 Bf7 27. Nf3 Ng5 28. Bxg5 hxg5 29. h4 gxh4 30. N5xh4
Qd7 31. Nf5 g6 32. Ne3 Bh6 33. g5 fxg5 34. Ra6 Kg7 35. Nh2 Nd4 36. Qd2
g4 37. Bd1 Nf3 38. Nxf3 gxf3+ 39. Bxf3 Rh8 40. Qc3 Bf4 41. Bg4 Qe7 42.
Kf3 Bxe3 43. fxe3 Rh2 44. Rc6 Kh7 45. Qe1 Bb3 46. Qg1 Qh4 47. Be6 Bd1+
0-1

[Event "Rus Women's Ch"]
[Site "Elista"]
[Date "2002.05.13"]
[Round "3"]
[White "Dordzhieva N"]
[Black "Shumyakina T"]
[Result "0-1"]
[WhiteElo "2123"]
[WhiteCountry "RUS"]
[BlackTitle "GM"]
[BlackElo "2366"]
[BlackCountry "RUS"]
[Remark "Message"]
[PresId "317"]

1. e4 c5 2. Nf3 Nc6 3. d4 cxd4 4. Nxd4 Nf6 5. Nc3 e6 6. Bg5 Bb4 7. Nb3
h6 8. Bd2 O-O 9. Bd3 d5 10. exd5 exd5 11. O-O Bd6 12. h3 a6 13. Be3
Be5 14. f4 Bc7 15. Nd4 Re8 16. Nxc6 bxc6 17. Bd4 Bb6 18. Be2 Ne4 19.
Bf3 Ng3 20. Rf2 Nf5 21. Bxb6 Qxb6 22. Na4 Qa7 23. Qd2 Nd4 24. Kh1 Bf5
25. c3 Nxf3 26. Rxf3 Re4 27. b4 Qe7 28. Nc5 Re2 29. Qd4 Qh4 30. Re3
Rc2 31. a4 Qf2 32. Rg1 f6 33. Nb3 Be4 34. Rxe4 dxe4 35. Qxe4 Rxc3 36.
Nc5 Re3 37. Qxc6 Rae8 38. Qd5+ Kh8 39. Kh2 Qg3+ 40. Kh1 Re1 41. Nd3
Rxg1+ 42. Kxg1 Re3 0-1

[Event "Rus Women's Ch"]
[Site "Elista"]
[Date "2002.05.13"]
[Round "3"]
[White "Dorofeeva A"]
[Black "Khasanova E"]
[Result "0-1"]
[WhiteTitle "IM"]
[WhiteElo "2304"]
[WhiteCountry "RUS"]
[BlackTitle "IM"]
[BlackElo "2256"]
[BlackCountry "RUS"]
[Remark "Message"]
[PresId "308"]

1. d4 Nf6 2. c4 g6 3. Nf3 Bg7 4. g3 O-O 5. Bg2 d6 6. O-O Nbd7 7. Qc2
e5 8. Rd1 Re8 9. Nc3 a6 10. h3 Rb8 11. dxe5 dxe5 12. Rb1 b5 13. cxb5
axb5 14. b4 Qe7 15. e4 c6 16. Be3 Bb7 17. Nd2 Red8 18. a3 Ne8 19. Nb3
Nd6 20. Na5 Ba8 21. Rd2 Nf8 22. Rbd1 Ne6 23. Ne2 Qc7 24. f4 c5 25. f5
Nd4 26. Bxd4 exd4 27. Qxc5 Qxc5 28. bxc5 Nxe4 29. Bxe4 Bxe4 30. fxg6
d3 31. c6 Re8 32. gxf7+ Kxf7 33. Nc1 Bh6 34. Rf2+ Kg8 35. Rf6 Be3+ 36.
Kf1 d2 37. Ncb3 Bd3+ 38. Kg2 Bc2 39. Rxd2 Bxb3 40. Rd7 Be6 41. Rd6 Bf7
42. Nb7 Bg5 43. Rf2 Be7 44. Rd4 Rbc8 45. Rg4+ Bg6 46. Na5 Bxa3 47. Rf5
Re2+ 48. Kf3 Rce8 49. Rxb5 R8e3+ 50. Kf4 Bd6+ 51. Kg5 Re5+ 52. Rxe5
Rxe5+ 53. Kf6 Rxa5 54. Ke6 Bc7 55. Kd7 Ra7 0-1

[Event "Rus Women's Ch"]
[Site "Elista"]
[Date "2002.05.13"]
[Round "3"]
[White "Kosintseva N"]
[Black "Chistyakova T"]
[Result "1-0"]
[WhiteTitle "IM"]
[WhiteElo "2336"]
[WhiteCountry "RUS"]
[BlackElo "2207"]
[BlackCountry "RUS"]
[Remark "Message"]
[PresId "309"]

1. e4 c5 2. c3 e6 3. d4 b6 4. Nf3 Bb7 5. Bd3 Nf6 6. Qe2 Be7 7. O-O O-O
8. e5 Ne8 9. dxc5 bxc5 10. Nbd2 d5 11. exd6 Nxd6 12. Nc4 Nxc4 13.
Bxc4 Qc7 14. Re1 Bd6 15. h3 Nd7 16. Be3 Nb6 17. Bd3 Nd5 18. Rad1 Bf4
19. Bxf4 Nxf4 20. Qe3 g6 21. Bf1 Rfd8 22. Qe5 Qxe5 23. Nxe5 Nd5 24.
Rd2 Nf6 25. Red1 Rd5 26. Rxd5 exd5 27. g4 Rb8 28. Bg2 d4 29. Bxb7 Rxb7
30. cxd4 cxd4 31. b3 Re7 32. Nc6 Re2 33. a4 Ne4 34. Rxd4 Nxf2 35. Nxa7
Nxh3+ 36. Kf1 Rf2+ 37. Ke1 Ra2 38. Nc6 Ng5 39. Kd1 Ne6 40. Rc4 Kg7 41.
a5 f5 42. gxf5 gxf5 43. b4 f4 44. Nd4 Nxd4 45. Rxd4 f3 46. Ke1 Kf6 47.
Rh4 Kg5 48. Rxh7 Kf4 49. Rh6 f2+ 50. Kf1 Kf3 51. Rh3+ Ke4 52. Kg2 Kd5
53. Rh6 Kc4 54. Rb6 Kd3 55. a6 Ke2 56. Re6+ Kd3 57. b5 Kc4 58. Rb6 Kd3
59. Rb7 Ke2 60. Re7+ Kd1 61. a7 Re2 62. a8=Q Rxe7 63. Kxf2 1-0

[Event "Rus Women's Ch"]
[Site "Elista"]
[Date "2002.05.13"]
[Round "3"]
[White "Khusnutdinova L"]
[Black "Chasovnikova E"]
[Result "1-0"]
[WhiteTitle "IM"]
[WhiteElo "2250"]
[WhiteCountry "RUS"]
[BlackTitle "IM"]
[BlackElo "2222"]
[BlackCountry "RUS"]
[Remark "Message"]
[PresId "306"]

1. d4 Nf6 2. Nf3 g6 3. c4 Bg7 4. g3 O-O 5. Bg2 d6 6. O-O Nc6 7. Nc3 e5
8. d5 Ne7 9. e4 Nd7 10. b4 h6 11. a4 f5 12. Ba3 Nf6 13. Nd2 f4 14. c5
g5 15. Nc4 g4 16. f3 Ng6 17. cxd6 cxd6 18. b5 gxf3 19. Bxf3 Bh3 20.
Re1 Rc8 21. Qd3 Rxc4 22. Qxc4 Qb6+ 23. Kh1 Nh5 24. g4 Nf6 25. Qe2 Nh4
26. Rg1 Nh7 27. a5 Qd4 28. Bb2 Ng5 29. Nd1 Qc5 30. Ra3 Qxa3 31. Bxa3
Nhxf3 32. Nf2 Nxg1 33. Kxg1 f3 34. Qc4 Rf4 35. Bc1 Rf7 36. Bxg5 Bxg4
37. Nxg4 hxg5 38. Kf2 Kh7 39. h3 Kg6 40. Ne3 g4 41. hxg4 Kg5 42. Nf5
Kxg4 43. Qc3 1-0

[Event "Rus Women's Ch"]
[Site "Elista"]
[Date "2002.05.14"]
[Round "4"]
[White "Styazhkina O"]
[Black "Matveyeva S"]
[Result "1/2-1/2"]
[WhiteTitle "GM"]
[WhiteElo "2265"]
[WhiteCountry "RUS"]
[BlackTitle "GM"]
[BlackElo "2437"]
[BlackCountry "RUS"]
[Remark "Message"]
[PresId "403"]

1. e4 e6 2. d4 d5 3. exd5 exd5 4. Nf3 Nc6 5. Bb5 Bd6 6. c4 dxc4 7. d5
a6 8. Ba4 b5 9. dxc6 bxa4 10. O-O Ne7 11. Qxa4 O-O 12. Nbd2 c3 13.
bxc3 Qe8 14. Ne4 Qxc6 15. Qxc6 Nxc6 16. Nxd6 1/2-1/2

[Event "Rus Women's Ch"]
[Site "Elista"]
[Date "2002.05.14"]
[Round "4"]
[White "Khasanova E"]
[Black "Zimina O"]
[Result "0-1"]
[WhiteTitle "IM"]
[WhiteElo "2256"]
[WhiteCountry "RUS"]
[BlackTitle "IM"]
[BlackElo "2360"]
[BlackCountry "RUS"]
[Remark "Message"]
[PresId "404"]

1. e4 c6 2. d4 d5 3. exd5 cxd5 4. Bd3 Nc6 5. c3 Nf6 6. h3 g6 7. Qc2
Bg7 8. Nf3 O-O 9. O-O Qc7 10. Re1 a6 11. Bg5 Re8 12. Nbd2 Nh5 13. Qb3
Be6 14. Nf1 Na5 15. Qd1 Nc4 16. Bc1 Nf6 17. Ne3 b5 18. Ng5 Bd7 19. Nc2
a5 20. Nf3 Nh5 21. Ng5 Nf6 22. Nf3 Nh5 23. Ng5 Nf6 24. Nf3 Bf5 25.
Bxf5 gxf5 26. Ne5 Ne4 27. Nd3 e6 28. Qh5 b4 29. Bf4 Qa7 30. b3 Na3 31.
Nxa3 bxa3 32. Bh6 Qe7 33. Bxg7 Kxg7 34. c4 dxc4 35. bxc4 Rad8 36. Ne5
Qf6 37. Rad1 Rf8 38. Rd3 Kh8 39. Nc6 Rd6 40. Ne5 Rdd8 41. c5 Qg7 42.
Nc6 Rg8 43. Qf3 Ng5 44. Qh5 Ne4 45. g3 Rd7 46. Ne5 Rc7 47. Rxa3 f6 48.
Ng4 Rd7 49. c6 Rxd4 50. Nh2 Qc7 51. Rc1 a4 52. Qe2 Rd2 0-1

[Event "Rus Women's Ch"]
[Site "Elista"]
[Date "2002.05.14"]
[Round "4"]
[White "Kursova M"]
[Black "Kosintseva N"]
[Result "0-1"]
[WhiteElo "2255"]
[WhiteCountry "RUS"]
[BlackTitle "IM"]
[BlackElo "2336"]
[BlackCountry "RUS"]
[Remark "Message"]
[PresId "405"]

1. d4 f5 2. g3 Nf6 3. Bg2 g6 4. Nf3 Bg7 5. O-O O-O 6. b4 Ne4 7. Bb2 e6
8. c4 b6 9. Nc3 Bb7 10. Rc1 a5 11. a3 Qe7 12. Qb3 axb4 13. axb4 Nc6
14. Na2 d5 15. cxd5 exd5 16. Qxd5+ Qf7 17. Nc3 Qxd5 18. Nxd5 Ra2 19.
Ba1 Rf7 20. Nf4 Nxb4 21. Ne6 Bd5 22. Nfg5 Nxg5 23. Nxg5 Bxg2 24. Kxg2
Re7 25. e3 Nc2 26. Kg1 b5 27. Rb1 b4 28. Rb2 Rxb2 29. Bxb2 c5 30. Nf3
c4 31. Rc1 b3 32. Nd2 Rc7 33. Bc3 Kf7 34. Kf1 Bf8 35. Ke2 Ba3 36. Rb1
Bb4 37. Bxb4 Nxb4 38. f3 Nd5 39. Kf2 c3 40. Nxb3 Rb7 41. e4 Rxb3 42.
Rxb3 c2 43. Rb7+ Ke6 44. exd5+ Kd6 45. Rb6+ Kxd5 46. Rb5+ Kxd4 47.
Rb4+ Kd5 48. Rb5+ Kd6 49. Rb6+ Kc7 50. Rf6 c1=Q 51. Rf7+ Kd6 52. Rxh7
Qd2+ 53. Kf1 g5 54. h4 Qh2 55. Rh6+ Ke5 56. hxg5 Qxg3 0-1

[Event "Rus Women's Ch"]
[Site "Elista"]
[Date "2002.05.14"]
[Round "4"]
[White "Kosintseva T"]
[Black "Grabuzova T"]
[Result "1/2-1/2"]
[WhiteTitle "GM"]
[WhiteElo "2373"]
[WhiteCountry "RUS"]
[BlackTitle "GM"]
[BlackElo "2388"]
[BlackCountry "RUS"]
[Remark "Message"]
[PresId "401"]

1. e4 Nc6 2. Nc3 Nf6 3. d4 d5 4. e5 Ng8 5. f4 h5 6. Be3 Bg4 7. Nf3 Nh6
8. Bb5 Qd7 9. h3 Nf5 10. Bf2 Bxf3 11. Qxf3 O-O-O 12. O-O-O h4 13. Na4
e6 14. Nc5 Bxc5 15. dxc5 a6 16. Ba4 d4 17. c3 Qd5 18. Qxd5 Rxd5 19.
Bxc6 bxc6 20. cxd4 Rhd8 21. Kb1 R8d7 22. b4 Nxd4 23. Bxh4 Ne2 24. Rxd5
Rxd5 25. Kc2 Nxf4 26. Bg5 Nd3 27. Bd2 Nxe5 28. Bc3 Nc4 29. Re1 Na3+
30. Kb2 Nb5 31. Bxg7 Rd2+ 32. Kb3 Rxg2 33. Be5 Rf2 34. Re3 f6 35. Bb2
e5 36. a4 Nd4+ 37. Bxd4 exd4 38. Rd3 Rf4 39. Kc4 Rh4 40. Rf3 d3+ 41.
Kxd3 Rxb4 42. Rxf6 Rb3+ 1/2-1/2

[Event "Rus Women's Ch"]
[Site "Elista"]
[Date "2002.05.14"]
[Round "4"]
[White "Guseva O"]
[Black "Dorofeeva A"]
[Result "0-1"]
[WhiteElo "2226"]
[WhiteCountry "RUS"]
[BlackTitle "IM"]
[BlackElo "2304"]
[BlackCountry "RUS"]
[Remark "Message"]
[PresId "415"]

1. d4 d5 2. Nf3 Nf6 3. c4 c6 4. e3 a6 5. Qc2 g6 6. Nbd2 Bf5 7. Bd3
Bxd3 8. Qxd3 Nbd7 9. O-O Qc7 10. e4 dxe4 11. Nxe4 Bg7 12. Re1 O-O 13.
Bg5 Rad8 14. Rad1 Rfe8 15. Qc2 Rc8 16. Re2 b5 17. b3 Nh5 18. cxb5 axb5
19. Nc5 Ndf6 20. Rde1 Nd5 21. Nd3 Qa7 22. Qc5 Qxc5 23. Nxc5 e6 24. Rc1
Bf8 25. Ne1 Ra8 26. Ned3 f6 27. Bh4 Kf7 28. Nd7 Nhf4 29. Nxf4 Nxf4 30.
Re4 Nd5 31. Rxc6 Rxa2 32. h3 Bb4 33. Nb6 Nxb6 34. Rxb6 g5 35. Rxb5 Bd2
36. Bg3 f5 37. Ree5 f4 38. Rxg5 fxg3 39. Rb7+ Kf6 40. Rxg3 Ra1+ 41.
Kh2 Bf4 42. Rxh7 Rc8 43. h4 Bxg3+ 44. Kxg3 Rd1 45. Rh6+ Kf7 46. h5
Rxd4 0-1

[Event "Rus Women's Ch"]
[Site "Elista"]
[Date "2002.05.14"]
[Round "4"]
[White "Shaydullina S"]
[Black "Pogonina N"]
[Result "0-1"]
[WhiteElo "2245"]
[WhiteCountry "RUS"]
[BlackElo "2303"]
[BlackCountry "RUS"]
[Remark "Message"]
[PresId "410"]

1. d4 Nf6 2. c4 c5 3. d5 b5 4. cxb5 a6 5. bxa6 g6 6. Nc3 Bxa6 7. g3
Bg7 8. Bg2 d6 9. Nf3 O-O 10. O-O Nbd7 11. Rb1 Qa5 12. Qc2 Rfb8 13. Bd2
Ne8 14. a4 Qb6 15. b3 Nc7 16. Rfd1 Bb7 17. e4 Na6 18. Na2 Rc8 19. Be3
Nb4 20. Nxb4 Qxb4 21. Bh3 Rd8 22. Bd2 Qb6 23. Be3 Qa5 24. Bd2 Qa7 25.
Be3 Qa5 26. Bd2 Qa7 27. Bc3 Bxc3 28. Qxc3 Nf6 29. Qe3 Kg7 30. Nd2 Ba6
31. Rbc1 Rab8 32. Nc4 Bxc4 33. Rxc4 Qb7 34. Rd3 Qa8 35. Qd2 Rb6 36. f4
Rdb8 37. e5 Ne8 38. Qb2 Kg8 39. f5 dxe5 40. fxg6 hxg6 41. Qxe5 Qa7 42.
Rh4 Ng7 43. Qe3 Rxb3 44. Rc4 Rxd3 45. Qxd3 Rb4 46. Qe4 Qb6 47. Bf1 Nf5
48. Kg2 Rb2+ 49. Kh3 Qf6 50. Qf3 Qh8+ 51. Rh4 Nxh4 52. gxh4 Qe5 53.
Bg2 Rc2 54. Qf1 Rc3+ 55. Bf3 Qxd5 56. Kg2 Rc2+ 57. Kh1 Qd2 58. Bg2 Rc1
59. h3 Rxf1+ 60. Bxf1 Qd1 61. Kg2 Qxa4 62. Kf3 c4 0-1

[Event "Rus Women's Ch"]
[Site "Elista"]
[Date "2002.05.14"]
[Round "4"]
[White "Chistyakova T"]
[Black "Semenova I"]
[Result "1-0"]
[WhiteElo "2207"]
[WhiteCountry "RUS"]
[BlackTitle "IM"]
[BlackElo "2284"]
[BlackCountry "RUS"]
[Remark "Message"]
[PresId "413"]

1. Nf3 Nf6 2. b3 g6 3. Bb2 Bg7 4. c4 d6 5. d4 O-O 6. g3 c5 7. Bg2 Nc6
8. O-O Bf5 9. Nbd2 Qb6 10. d5 Nb4 11. Nh4 Bd7 12. a3 Na6 13. e4 e6 14.
Re1 exd5 15. cxd5 Qc7 16. Nc4 Ne8 17. Bxg7 Kxg7 18. Qd2 b5 19. Ne3 f6
20. f4 Rc8 21. Rac1 Qb6 22. Kh1 Nac7 23. f5 g5 24. Nf3 Na8 25. Ng4 Qd8
26. b4 Nb6 27. bxc5 dxc5 28. Qc3 h5 29. Ne3 Kg8 30. g4 Nd6 31. e5 fxe5
32. Qxe5 Ndc4 33. Nxc4 Nxc4 34. Qe7 hxg4 35. Nxg5 Qxe7 36. Rxe7 Rxf5
37. Ne4 Rd8 38. Nxc5 Rf7 39. d6 Kf8 40. Rxf7+ Kxf7 41. Bd5+ Kf6 42.
Nxd7+ Rxd7 43. Bxc4 bxc4 44. Rxc4 Rxd6 45. Rxg4 Kf5 46. Ra4 a6 47. Kg2
Kg5 48. Kf3 Rf6+ 49. Ke3 Rh6 50. h4+ Kh5 51. Kd3 Rg6 52. Kc3 Rg3+ 53.
Kb4 Kxh4 54. Rxa6 Kg5 55. Re6 Kf5 56. Re1 Rg8 57. a4 Rb8+ 58. Kc5 Ra8
59. Kb5 Rb8+ 60. Kc6 Ra8 61. Kb5 Rb8+ 62. Kc6 Ra8 63. Ra1 Ke6 64. a5
Rc8+ 65. Kb7 Rc2 66. a6 Rb2+ 67. Kc6 Rc2+ 68. Kb6 Rb2+ 69. Ka5 1-0

[Event "Rus Women's Ch"]
[Site "Elista"]
[Date "2002.05.14"]
[Round "4"]
[White "Zayac E"]
[Black "Demina Y"]
[Result "1/2-1/2"]
[WhiteTitle "GM"]
[WhiteElo "2346"]
[WhiteCountry "RUS"]
[BlackTitle "GM"]
[BlackElo "2334"]
[BlackCountry "RUS"]
[Remark "Message"]
[PresId "407"]

1. d4 Nf6 2. c4 e6 3. Nc3 Bb4 4. e3 b6 5. Nge2 Ba6 6. a3 Be7 7. Nf4 d5
8. cxd5 Bxf1 9. Kxf1 Nxd5 10. e4 Nxf4 11. Bxf4 c6 12. d5 cxd5 13. exd5
O-O 14. dxe6 fxe6 15. Qxd8 Rxd8 16. Re1 Kf7 17. h4 Nc6 18. Rh3 Nd4 19.
g4 Rac8 20. Re4 h6 21. Kg2 Bf6 1/2-1/2

[Event "Rus Women's Ch"]
[Site "Elista"]
[Date "2002.05.14"]
[Round "4"]
[White "Strutinskaya G"]
[Black "Kovanova B"]
[Result "1/2-1/2"]
[WhiteTitle "IM"]
[WhiteElo "2336"]
[WhiteCountry "RUS"]
[BlackElo "2124"]
[BlackCountry "RUS"]
[Remark "Message"]
[PresId "414"]

1. Nf3 d5 2. d4 e6 3. c4 c6 4. Qc2 f5 5. Bf4 Nf6 6. e3 Be7 7. h3 O-O
8. Bd3 Ne4 9. g4 Na6 10. gxf5 Nb4 11. Qb3 Nxd3+ 12. Qxd3 exf5 13. Nc3
Be6 14. cxd5 Bxd5 15. Nxd5 Qxd5 16. Qb3 Qxb3 17. axb3 a6 18. Ke2 Rad8
19. Ra5 Bb4 20. Ra4 Be7 21. Nd2 Rd5 22. f3 Nxd2 23. Kxd2 Rfd8 24. Kc2
Bf6 25. Rc4 Kf7 26. Ra1 g5 27. Bc7 Re8 28. Kd3 Re7 29. Bb8 Red7 30.
Kc2 f4 31. exf4 gxf4 32. Rd1 Rxd4 33. Rdxd4 Rxd4 34. Bxf4 b5 35. Rxd4
Bxd4 36. Bc1 Ke6 37. b4 Kf5 38. b3 c5 39. Kd3 Bg1 40. bxc5 Bxc5 41.
Bd2 h5 1/2-1/2